Thailand Pharmaceuticals & Healthcare Report Q3 2017 : INCLUDES 10- YEAR FORECASTS TO 2025.

Bibliographic Details
Format: Book
Language:English
Published: London: Business Monitor International, 2016.
Series:Part of BMI's Industry Report & Forecasts Series
Subjects:
LEADER 00880cam a2200253 7i4500
001 0000034431
005 20170710090000.0
007 ##ta
008 170710t20162016-uk eng
022 0 # |a 17482240 
040 # # |a MATR 
090 0 0 |a THAI 338.476151   |b THA 
245 0 0 |a Thailand Pharmaceuticals & Healthcare Report Q3 2017 :   |b INCLUDES 10- YEAR FORECASTS TO 2025. 
264 # 4 |a ♭2016. 
264 # 1 |a London:   |b Business Monitor International,   |c 2016. 
300 # # |a 103 pages:   |b illustrations;   |c 30 cm. 
336 # # |a text  |2 rdacontent 
337 # # |a unmediated  |2 rdamedia 
338 # # |a volume  |2 rdacarrier 
490 0 # |a Part of BMI's Industry Report & Forecasts Series 
504 # # |a Includes bibliographical references and index 
650 # 0 |a Healthcare --   |z Thailand  
650 # 0 |a Pharmaceuticals --   |z Thailand  
999 |a B000038004  |b Book  |c Countries  |e Business Information Centre